Cámara Oficial Española de Comercio Industria. (Record no. 36814)
[ view plain ]
| 000 -CABECERA | |
|---|---|
| campo de control de longitud fija | 00539nas a2200181 a 4500 |
| 001 - NÚMERO DE CONTROL | |
| campo de control | 000037324 |
| 003 - IDENTIFICADOR DEL NÚMERO DE CONTROL | |
| campo de control | DLC |
| 005 - FECHA Y HORA DE LA ÚLTIMA TRANSACCIÓN | |
| campo de control | 20200930080306.0 |
| 008 - DATOS DE LONGITUD FIJA--INFORMACIÓN GENERAL | |
| campo de control de longitud fija | 120327c20099999dr qr1p dd 0 0spa d |
| 040 ## - FUENTE DE LA CATALOGACIÓN | |
| Centro catalogador/agencia de origen | DO-SdBNP |
| Lengua de catalogación | spa |
| Centro/agencia transcriptor | BNPHU |
| 043 ## - CÓDIGO DE ÁREA GEOGRÁFICA | |
| Código de área geográfica | nwdr |
| 245 00 - MENCIÓN DE TÍTULO | |
| Título | Cámara Oficial Española de Comercio Industria. |
| 260 ## - PUBLICACIÓN, DISTRIBUCIÓN, ETC. | |
| Lugar de publicación, distribución, etc. | Santo Domingo : |
| Nombre del editor, distribuidor, etc. | Cámara Oficial Española de Comercio,. |
| 300 ## - DESCRIPCIÓN FÍSICA | |
| Extensión | v.- : |
| Otras características físicas | il. ; |
| Dimensiones | 29 cm. |
| 310 ## - PERIODICIDAD ACTUAL | |
| Periodicidad actual | Trimestral |
| 362 1# - FECHAS DE PUBLICACIÓN Y/O DESIGNACIÓN SECUENCIAL | |
| Fecha de publicación y/o designación secuencial | Julio- septiembre 2009 |
| 500 ## - NOTA GENERAL | |
| Nota general | Catalogación basada en : Julio- septiembre 2009 |
| Estado de retiro | Estado de pérdida | Especificación de materiales (volumen encuadernado u otra parte) | Restricciones de uso | No para préstamo | Código de colección | Localización permanente | Ubicación/localización actual | Ubicación en estantería | Fecha de adquisición | Fuente de adquisición | Enumeración/cronología de publicación seriada | Número de inventario | Total de préstamos | Signatura topográfica completa | Código de barras | Fecha visto por última vez | Precio válido a partir de | Tipo de ítem Koha | Nota pública |
|---|---|---|---|---|---|---|---|---|---|---|---|---|---|---|---|---|---|---|---|
| Préstamo en sala | Préstamo en sala | Hemeroteca | Patrimonio Dominicano | Patrimonio Dominicano | Ordenador y recibido | 11.04.2012 | 4 | (Jul.-sept. 2009) | 2012041120120411 | 03 | 37324-1 | 08.08.2020 | 08.08.2020 | Publicación periódica | Edición especial: Suplemento especial de la Feria del Libro. |
